| 000 | 00511nam a22001817a 4500 | ||
|---|---|---|---|
| 003 | MPLRDC | ||
| 005 | 20220104203446.0 | ||
| 008 | 210129b ||||| |||| 00| 0 eng d | ||
| 020 | _a978-986-5695-41-5 | ||
| 082 | _a177.2 FEL | ||
| 100 | _a李·丹尼尔·克拉维茨 LEE DANIEL KRAVETZ、大卫·费德曼 DAVID B. FELDMAN | ||
| 245 |
_a韧性 _c游卉庭 译 |
||
| 250 | _a初版一刷 | ||
| 260 |
_a台湾 _b大写出版 _c2016 |
||
| 300 | _b平 | ||
| 650 | _a成功的人生 | ||
| 942 |
_cNB _o177.2 FEL |
||
| 999 |
_c68133 _d68123 |
||